| Tag |
First Indicator |
Second Indicator |
Subfields |
| LEADER |
00000cam a2200000 a 4500 |
| 001 |
in00002786579 |
| 005 |
20211120170324.0 |
| 006 |
m o d f |
| 007 |
cr mn||||a|||| |
| 008 |
121120s2003 couab ob f000 0 eng c |
| 035 |
|
|
|a (OCoLC)ocn818750407
|
| 040 |
|
|
|a GPO
|c GPO
|d OCLCA
|d GPO
|d MvI
|d UtOrBLW
|
| 042 |
|
|
|a pcc
|
| 043 |
|
|
|a n-us-ak
|
| 049 |
|
|
|a WWW
|
| 074 |
|
|
|a 0337 (online)
|
| 086 |
0 |
|
|a D 103.2:H 12
|
| 100 |
1 |
|
|a Hollinger, Kristy.
|
| 245 |
1 |
4 |
|a The Haines-Fairbanks pipeline /
|c Kristy Hollinger ; edited by Glenda R. Lesondak ; prepared by Center for Environmental Management of Military Lands, Colorado State University [and] Russell H. Sackett.
|
| 264 |
|
1 |
|a Fort Collins, CO :
|b Center for Environmental Management of Military Lands, Colorado State University ;
|a Fort Richardson, AK :
|b Conservation Branch, Directorate of Public Works, U.S. Army Alaska,
|c [2003]
|
| 300 |
|
|
|a 1 online resource (iii, 62 pages) :
|b illustrations, maps.
|
| 336 |
|
|
|a text
|b txt
|2 rdacontent
|
| 337 |
|
|
|a computer
|b c
|2 rdamedia
|
| 338 |
|
|
|a online resource
|b cr
|2 rdacarrier
|
| 490 |
1 |
|
|a CEMML TPS ;
|v 03-04
|
| 500 |
|
|
|a "April 2003."
|
| 504 |
|
|
|a Includes bibliographical references (pages 59-62).
|
| 500 |
|
|
|a Title from title screen (viewed on Nov. 20, 2012).
|
| 505 |
0 |
|
|a Ch. 1. Introduction -- Ch. 2. Context -- Ch. 3. Project planning, 1947-1953 -- Ch. 4. Construction, 1953-1955 -- Ch. 5. Facilities and operations, 1955-1961 -- Ch. 6. System expansions, 1961 -- Ch. 7. Pipeline life -- Ch. 8. Pipeline shutdown, 1971-1979 -- Ch. 9. Environmental impacts -- Ch. 10. Conclusions -- Bibliography.
|
| 500 |
|
|
|a Electronic resource.
|
| 650 |
|
0 |
|a Petroleum products pipelines
|z Alaska
|x History.
|
| 650 |
|
0 |
|a Petroleum products
|x Transportation
|z Alaska
|x History.
|
| 651 |
|
0 |
|a Haines-Fairbanks Pipeline
|x History.
|
| 651 |
|
0 |
|a Alaska
|x History
|y 20th century.
|
| 700 |
1 |
|
|a Lesondak, Glenda R.
|
| 700 |
1 |
|
|a Sackett, Russell H.
|
| 710 |
2 |
|
|a Colorado State University.
|b Center for Environmental Management of Military Lands.
|
| 710 |
1 |
|
|a United States.
|b Army, Alaska.
|b Conservation Branch.
|
| 776 |
0 |
8 |
|i Print version:
|a Hollinger, Kristy.
|t Haines-Fairbanks pipeline
|w (OCoLC)52353225
|
| 830 |
|
0 |
|a CEMML TPS ;
|v 03-04.
|
| 856 |
4 |
0 |
|u https://purl.fdlp.gov/GPO/gpo23215
|t 0
|
| 999 |
|
|
|a MARS
|
| 999 |
f |
f |
|s 01e4d0af-3da3-39cf-ad07-8858dc154efe
|i fec5b547-690c-38ee-8380-ce538f9d2f5e
|t 0
|
| 952 |
f |
f |
|a Texas A&M University
|b College Station
|c Electronic Resources
|d Available Online
|t 0
|e D 103.2:H 12
|h Superintendent of Documents classification
|
| 998 |
f |
f |
|a D 103.2:H 12
|t 0
|l Available Online
|